Statistics for Mac DeMarco Discography (Hard)

Click here to take the quiz!

General Stats

  • This quiz has been taken 23 times
    (7 since last reset)
  • The average score is 12 of 22

Answer Stats

YearTypeName% Correct
2018Compilation AlbumOld Dog Demos
100%
2017Solo AlbumThis Old Dog
100%
2013Compilation Album2 Demos
83%
2016Compilation AlbumAnother (Demo) One
83%
2015Mini-LPAnother One
83%
2023Solo AlbumFive Easy Hot Dogs
83%
2014Solo AlbumSalad Days
83%
2014Compilation AlbumSalad Days Demos
83%
2015EPSome Other Ones
83%
2012Solo Album2
67%
2019Solo AlbumHere Comes The Cowboy
67%
2020Compilation AlbumHere Comes The Cowboy Demos
67%
2013Solo AlbumOne Wayne G
67%
2020Compilation AlbumOther Here Comes The Cowboy Demos
67%
2012EPRock And Roll Night Club
67%
2010EPEating Like A Kid
17%
2010EPBossa Yeye
0%
2010Compilation AlbumEyeballing
0%
2009EPHeat Wave!
0%
2013Live AlbumLive And Acoustic Vol.1
0%
2013Live AlbumLive At Russian Recording
0%
2010Solo AlbumYing Yang
0%

Score Distribution

Percentile by Number Answered

Percent of People with Each Score

Your Score History

You have not taken this quiz since the last reset